000 00952cam a22002895i 4500
001 013409633
003 EG-ScBUE
005 20250622081932.0
008 040923t2006 gw a f b 001 0 eng d
020 _a9783527405299
020 _a3527405291
040 _aEG-ScBUE
_beng
_erda
_cEG-ScBUE
_dEG-ScBUE
082 0 4 _a537.6
_222
_bKAT
100 1 _aKat︠s︡enelenbaum, B. Z.
_q(Boris Zakharovich),
_eauthor.
245 1 0 _aHigh-frequency electrodynamics /
_cBoris Z. Katsenelenbaum.
264 1 _aWeinheim :
_bWiley-VCH, Verlag Gmbh & Co. KGaA,
_c[2006]
264 4 _cc2006
300 _axiii, 329 pages :
_billustrations ;
_c25 cm
336 _2rdacontent
_atext
_btxt
337 _aunmediated
_2rdamedia
_bn
338 _avolume
_bnc
_2rdacarrier
504 _aIncludes bibliographical references and index.
650 7 _aElectrodynamics.
_2BUEsh
_99061
653 _bGGEN
_bENGELC
_cMarch2018
_cMay2018
655 _vReading book
942 _2ddc
_cBB
999 _c26428
_d26400